IUP Journal of Accounting Research

Detalles Bibliográficos
Formato: Desconocido
Lenguaje:inglés
Publicado: [India] : IUP Publications
Materias:
Acceso en línea:Acceso restringido

MARC

LEADER 00000ny a22000003n 4500
005 20110516111915.0
008 101004s19uu9999ii qr p 0 0 |eng d
022 |a 0972-690X 
035 |a 5167 
040 |a BUS  |d vLex 
090 |c 1937  |d 1937 
245 3 0 |a IUP Journal of Accounting Research  |h [Recurso electrn̤ico] 
256 |a Servicio en ln̕ea 
260 |a [India] :  |b IUP Publications 
310 |a Cuatrimestral 
506 1 |a Contenido solo disponible en los productos indicados  |d vLex Global  |d vLex Global (Academic Edition, excluding Law Schools)  |d vLex Global (U.S. Academic Edition, excluding Law Schools) 
650 0 4 |a Economa̕  |x Publicaciones perid̤icas 
650 0 4 |a Negocios  |x Publicaciones perid̤icas 
740 |a vLex Revista (Servicios en ln̕ea) 
843 |a Electrn̤ica. Abierta 
853 |8 1  |i (year)  |j (month)  |k (day) 
856 4 0 |z Acceso restringido  |u http://vlex.com/account/login_ip?fuente_id=5167 
942 |c REV 
999 4 |a Revistas electrn̤icas